000 00714nam a2200241Ia 4500
005 20250425161335.0
008 250425s9999 xx 000 0 und d
041 _aspa
043 _amx
082 _a628.3
110 _aDEPARTAMENTO DE SANIDAD DEL ESTADO DE NUEVA YORK, ALBANY
245 0 _aMANUAL DE TRATAMIENTO DE AGUAS NEGRAS
250 _a1ERA
260 _aMEXICO
260 _aMéxico
_bLIMUSA-WILEY, S.A.
_c1964
300 _a303
500 _aTítulo Traducido: MANUAL OF INSTRUCTION FOR SEWAGE TREATMENT PLANT OPERATORS
650 _aAGUAS NEGRAS-TRATAMIENTO
650 _aDESECHOS INDUSTRIALES
650 _aMETODOS DE TRATAMIENTO DE LAS AGUAS NEGRAS
942 _c01
010 _a18130
999 _c207281
_d207281